Lexicography at a crossroads : dictionaries and encyclopedias today, lexicographical tools today (Record no. 232182)

MARC details
000 -LEADER
fixed length control field 00745nam a2200229Ia 4500
008 - FIXED-LENGTH DATA ELEMENTS--GENERAL INFORMATION
fixed length control field 191130s2009##################000#0#eng##
020 ## - INTERNATIONAL STANDARD BOOK NUMBER
ISBN 9783039117994
082 ## - DEWEY DECIMAL CLASSIFICATION NUMBER
Classification number 413.028 BER
100 ## - MAIN ENTRY--AUTHOR NAME
Personal name Bergenholtz, Henning
245 ## - TITLE STATEMENT
Title Lexicography at a crossroads : dictionaries and encyclopedias today, lexicographical tools today
Statement of responsibility, etc Henning Bergenholtz, Sandro Nielsen & Sven Tarp, eds
260 ## - PUBLICATION, DISTRIBUTION, ETC. (IMPRINT)
Place of publication Bern ; New York
Name of publisher P. Lang
Year of publication c2009
300 ## - PHYSICAL DESCRIPTION
Number of Pages 372 p. : ill. ; 23 cm
500 ## - GENERAL NOTE
General note Includes bibliographical references
650 ## - SUBJECT ADDED ENTRY--TOPICAL TERM
Topical Term Lexicography
700 ## - ADDED ENTRY--PERSONAL NAME
Personal name Nielsen, Sandro
Personal name Tarp, Sven
991 ## -
-- 439789
Holdings
Withdrawn status Lost status Damaged status Not for loan Home library Current library Date acquired Full call number Accession Number Price effective from Koha item type
        Anna Centenary Library Anna Centenary Library 13.10.2020 413.028 BER 220145 13.10.2020 English Books

Find us on the map